| 000 | 00642nam a2200193 a 4500 | ||
|---|---|---|---|
| 005 | 20250605063847.0 | ||
| 008 | 991125s1973 ag 000 0 spa u | ||
| 035 | _aUPN01000032784 | ||
| 049 | _aCG | ||
| 050 | 4 |
_aB2013 I5.3 _bD5.38 |
|
| 100 | 1 |
_aDiderot, Denis, _d1713-1784 |
|
| 245 | 1 | 0 |
_aInvestigaciones filosóficas sobre el origen y naturaleza de lo bello / _cDiderot Denis ; tr., pról. y notas Francisco Calvo Serraller. |
| 260 |
_aBuenos Aires : _bAguilar, _c1973. |
||
| 300 | _a78 p. | ||
| 440 | 0 |
_aBiblioteca de iniciación filosófica ; _v123 |
|
| 650 | 2 |
_aEstética _95739 |
|
| 650 | 4 |
_aFilosofía moderna _98266 |
|
| 905 | _aLibro | ||
| 999 |
_c32784 _d32784 |
||